| 000 | 00736nam a2200229 i 4500 | ||
|---|---|---|---|
| 001 | 14790 | ||
| 003 | ES-MaACL | ||
| 005 | 20250618165839.0 | ||
| 007 | t| | ||
| 008 | 990607s1987 it ||||1| ita d | ||
| 080 | _a821.131.1-92"19" | ||
| 100 | 1 |
_aMorante, Elsa. _983142 |
|
| 245 | 1 | 0 |
_aPro o contro la bomba atomica e altri scritti / _cElsa Morante ; prefazione di Cesare Garboli. |
| 260 |
_aMilano : _bAdelphi, _c[1987] |
||
| 300 |
_aXXVII, 143 p. ; _c18 cm. |
||
| 490 | 1 |
_aPiccola biblioteca Adelphi ; _v201 |
|
| 650 | 0 | 4 |
_aArmas nucleares. _99970 |
| 700 | 0 |
_aGarboli, Cesare, _d1928-2004 _953960 |
|
| 830 | 0 |
_aPiccola biblioteca Adelphi ; _v201 _9179675 |
|
| 852 |
_aES-MaACL _jL-21990 _bR.122799 |
||
| 999 |
_c14790 _d14790 |
||